Ptáčátko : kriminální román /
Po Kaštánkovi přichází další případ pro dvojici vyšetřovatelů, Naiu Thulinovou a Marka Hesse. Při pátrání po brutálním sériovém vrahovi se budou muset ponořit hluboko do minulosti.
Uloženo v:
| Série: | Naia Thulinová,
část 2 |
|---|---|
| Hlavní autor: | |
| Další autoři: | |
| Médium: | E-kniha |
| Jazyk: | Czech |
| Vydáno: |
Praha :
Kniha Zlin,
2025
|
| Vydání: | Vydání první |
| Témata: | |
| Příbuzné jednotky: | Z cyklu::
Naia Thulinová |
| Tagy: |
Žádné tagy |
| LEADER | 02744nam a2200469 i 4500 | ||
|---|---|---|---|
| 001 | 312823 | ||
| 003 | CZ PrSKC | ||
| 005 | 20260601215729.0 | ||
| 007 | ta | ||
| 008 | 251003s2025 xr g 000 f cze | ||
| 015 | |a cnb003711113 | ||
| 020 | |a 9788076629172 |q (brožováno) : |c Kč 499,00 | ||
| 035 | |a (OCoLC)1549632733 | ||
| 040 | |a ABG001 |b cze |d ABA001 |e rda | ||
| 041 | 1 | |a cze |h dan | |
| 072 | 7 | |a 821.11 |x Germánské literatury |2 Konspekt | |
| 080 | |a 821.113.4-31 |2 MRF | ||
| 080 | |a (0:82-312.4) |2 MRF | ||
| 100 | 1 | |a Sveistrup, Søren, |d 1968- |7 xx0180375 |4 aut | |
| 240 | 1 | 0 | |a Tælle til en, tælle til to. |l Česky |
| 245 | 1 | 0 | |a Ptáčátko : |b kriminální román / |c Søren Sveistrup ; z dánského originálu Tælle til en, tælle til to ... přeložila Magdalena Jírková |
| 250 | |a Vydání první | ||
| 264 | 1 | |a Praha : |b Kniha Zlin, |c 2025 | |
| 300 | |a 483 stran ; |c 21 cm | ||
| 336 | |a text |b txt |2 rdacontent | ||
| 337 | |a bez média |b n |2 rdamedia | ||
| 338 | |a svazek |b nc |2 rdacarrier | ||
| 520 | 2 | |a Po Kaštánkovi přichází další případ pro dvojici vyšetřovatelů, Naiu Thulinovou a Marka Hesse. Při pátrání po brutálním sériovém vrahovi se budou muset ponořit hluboko do minulosti. |b V Kodani řádí bestiální sériový vrah. Nemá jinou zbraň než telefon, přesto své oběti dokáže dovést až na pokraj šílenství. Jeho ohavné zločiny opět svedou dohromady agenta Europolu Marka Hesse a Naiu Thulinovou, která opustila oddělení vražd, aby se mohla věnovat nové práci v oblasti kyberkriminality. Stopy směřují k dosud nevyřešené vraždě, ale skutečná odpověď leží hluboko v minulosti, kdy se jeden nevinný školní výlet změnil v noční můru... Zdá se, že zlo nezmizelo - a to nejhorší má teprve přijít. Nakladatelská anotace. | |
| 655 | 7 | |a dánské romány |7 fd132169 |2 czenas | |
| 655 | 7 | |a detektivní romány |7 fd132010 |2 czenas | |
| 655 | 7 | |a thrillery (romány) |7 fd184206 |2 czenas | |
| 655 | 9 | |a Danish fiction |2 eczenas | |
| 655 | 9 | |a detective novels |2 eczenas | |
| 655 | 9 | |a thrillers (novels) |2 eczenas | |
| 700 | 1 | |a Jírková, Magdalena, |d 1968- |7 xx0161780 |4 trl | |
| 787 | 0 | 8 | |i Z cyklu: |t Naia Thulinová |g 2 |
| 900 | |a ABA001 |b 21 | ||
| 928 | 9 | |a Albatros Media - Kniha Zlin | |
| 044 | |a xr | ||
| 910 | |a RBIT002 | ||
| 998 | |d 422624 |a https://core.palmknihy.cz/api/books/422624/cover?t3phdz |b https://core.palmknihy.cz/api/books/422624/cover/400?t3phdz |c https://core.palmknihy.cz/api/books/422624/cover/50?t3phdz |e 2030-10-06 |g 496 |i 9788076629172 |j https://core.palmknihy.cz/api/books/422624/preview.epub |k https://core.palmknihy.cz/api/books/422624/preview.pdf |l |q 49 |r 1 |s https://www.palmknihy.cz/kniha/422624 |t ebook |y 2025 |z 0 |v Naia Thulinová |w 2 | ||
| 999 | |d 312821 | ||